| 000 | 00910nam a22002297a 4500 | ||
|---|---|---|---|
| 999 |
_c16243 _d16243 |
||
| 003 | AR-CdUCM | ||
| 008 | 190409b ||||| |||| 00| 0 spa d | ||
| 040 |
_aMUNICIPALIDAD PROVINCIAL DEL CUSCO _cBIBLIOTECA MUNICIPAL DEL CUSCO |
||
| 082 |
_24ed _a131.34 / _bA23 |
||
| 100 |
_aAdler, Alfred _923317 |
||
| 245 | _aPráctica y teoría de la psicología del individuo / | ||
| 260 |
_aBuenos Aires : _bPaidós, _c1967. |
||
| 300 |
_a428 páginas ; _c18 cm. |
||
| 440 |
_aBiblioteca del hombre contemporánea _935574 |
||
| 505 | _aContenido: La psicología del individuo -- Hermafroditismo psíquico y protesta viril -- Otras normas directivas para el ejercicio de la Psicología del individuo ... | ||
| 650 |
_aPsicología individual _930510 |
||
| 650 |
_aPsicología _91538 |
||
| 650 |
_aSiglo XX _98 |
||
| 700 |
_aRodriguez Bustamante, Norberto _935575 |
||
| 942 |
_2ddc _cLIBROS |
||
| 945 |
_arah _d02/05/2019 |
||